000 02811nam0a2200397 4500
001 RU\NLR\BIBL_A\012905374
005 20230117153403.0
010 _a978-5-91385-172-7
_9100
021 _aRU
_bКН-П-22-054610
_9КН-П-22-4736
035 _a(NLR Aleph) 012905374
035 _a(RuMoRGB)011179788
090 _a12595925
_c12595925
100 _a20221010d2021 k y0rusy50 ca
101 0 _arus
102 _aRU
105 _aa|||z|||000zy
181 0 _ai
_baxxe
182 0 _an
200 1 _aНеалкогольная жировая болезнь печени
_e(патогенез, диагностика, лечение)
_eмонография
_fЕ. В. Сучкова, А. П. Лукашевич, Я. М. Вахрушев
_gМинистерство здравоохранения Российской Федерации, ФГБОУ ВО "Ижевская государственная медицинская академия" Минздрава России, Кафедра пропедевтики внутренних болезней с курсом сестринского дела
203 _aТекст
_bвизуальный
_cнепосредственный
210 _aИжевск
_cИГМА
_d2021
215 _a100, [2] с.
_cил., цв. ил., табл.
_d22
320 _aБиблиогр.: с. 85-101 (238 назв.)
330 _aВ монографии обобщены литературные данные и опыт авторов в изучении способствующих факторов и патогенеза в развитии неалкогольной жировой болезни печени. Значительная часть книги посвящена описанию клинического течения и ранней диагностики болезни. Показано важное значение неалкогольной жировой болезни печени в развитии холелитиаза. Приведены основные принципы лечения. Издание адресовано терапевтам, гастроэнтерологам, эндокринологам и научным работникам
606 1 _aСтеатоз печени
_91902230
_3RU\NLR\AUTH\66866103
606 1 _aСтеатогепатит
_92550085
_3RU\NLR\AUTH\661509044
675 _a616.36-003.826-08
_v4
686 1 _aР413.510.4
686 1 _aР413.510.11
700 1 _aСучкова
_bЕ. В.
_gЕлена Владимировна
701 1 _aЛукашевич
_bА. П.
_gАнна Павловна
701 1 _aВахрушев
_bЯ. М.
_gЯков Максимович
942 _cBOOK
980 _aNB